| 000 | 00426nam a22001817a 4500 | ||
|---|---|---|---|
| 999 |
_c11567 _d11567 |
||
| 003 | OSt | ||
| 008 | 221004b ||||| |||| 00| 0 eng d | ||
| 020 | _a9789390709205 | ||
| 082 | _a610 JAS | ||
| 100 | _aJAIN,NK | ||
| 245 | _aSocial and Preventive Pharmacy | ||
| 260 |
_aNew delhi _bCBS _c2021 |
||
| 300 | _a324 | ||
| 650 | _aSocial Phamacy | ||
| 700 | _aKHURANA,Shelly | ||
| 700 | _aKHURANA,Puneet | ||
| 942 |
_2ddc _cBK _01 |
||